000 00280nam a22001097a 4500
999 _c32048
_d32048
003 Nust
005 20170116153849.0
008 170116b xxu||||| |||| 00| 0 eng d
040 _cC
082 _a621.4021
100 _aMoran, Michael J.
245 _aFundamentals of Engineering Thermodynamics (Steam Table) /
_cMichael J.Moran, Shapiro
260 _aNew Delhi:
_bwiley.
_c2008.
300 _a815 to 862 p. ;
_b27 cm.
500 _apaperback.
942 _cBK
_2ddc